[Event "IND-ch U15 Girls 38th"]
[Site "New Delhi"]
[Date "2022.12.05"]
[Round "10"]
[White "Riddhika, Kotia"]
[Black "Krishika, Garg"]
[Result "0-1"]
[WhiteElo "1241"]
[BlackElo "1446"]
[PlyCount "82"]
[EventDate "2022.11.28"]
[EventType "swiss"]
[EventRounds "11"]
[EventCountry "IND"]
[SourceTitle "CBM 211 Extra"]
[Source "ChessBase"]
[SourceDate "2023.01.31"]
[SourceVersion "1"]
[SourceVersionDate "2023.01.31"]
[SourceQuality "1"]

1. d4 d5 2. e3 Nf6 3. Bd3 c5 4. c3 Nc6 5. f4 Bg4 6. Nf3 e6 7. Nbd2 Be7 8. Qe2 c4 9. Bc2 b5 10. Qf2 Bxf3 11. Qxf3 Qc7 12. g4 Bd6 13. g5 Nd7 14. h4 0-0-0 15. f5 Bg3+ 16. Kd1 Ne7 17. Nf1 Bd6 18. fxe6 fxe6 19. Qf7 e5 20. Qxg7 e4 21. Qh6 Rdf8 22. Qh5 Rf2 23. g6 Nf6 24. g7 Rg8 25. Qg5 Rf5 26. Qg2 Nh5 27. Bd2 Rxg7 28. Qh3 Qd7 29. Be1 Kd8 30. a4 Qe8 31. axb5 Rf3 32. Ng3 Nxg3 33. Bxg3 Rgxg3 34. Qh2 Rxe3 35. Rxa7 Qh5+ 36. Kc1 Re2 37. Bd1 Rxh2 38. Ra8+ Kc7 39. Bxh5 Rxh1+ 40. Kd2 Bf4+ 41. Ke2 Rg2# 0-1

[Event "IND-ch U15 Girls 38th"]
[Site "New Delhi"]
[Date "2022.12.03"]
[Round "9"]
[White "Krishika, Garg"]
[Black "Drishtee, Ghosh"]
[Result "1/2-1/2"]
[WhiteElo "1446"]
[BlackElo "1281"]
[PlyCount "119"]
[EventDate "2022.11.28"]
[EventType "swiss"]
[EventRounds "11"]
[EventCountry "IND"]
[SourceTitle "CBM 211 Extra"]
[Source "ChessBase"]
[SourceDate "2023.01.31"]
[SourceVersion "1"]
[SourceVersionDate "2023.01.31"]
[SourceQuality "1"]

1. e4 c5 2. Nf3 d6 3. d4 cxd4 4. Nxd4 Nf6 5. Nc3 a6 6. f3 e5 7. Nb3 Be6 8. Be3 Be7 9. Qd2 Nbd7 10. 0-0-0 b5 11. Nd5 Bxd5 12. exd5 Nb6 13. Bxb6 Qxb6 14. Bd3 a5 15. Qe2 Rb8 16. f4 exf4 17. Nd4 Nxd5 18. Bxb5+ Kf8 19. Qe4 Bf6 20. Qxd5 Bxd4 21. Rxd4 Qxb5 22. Qxd6+ Kg8 23. Qd8+ Qe8 24. Qxa5 Qe3+ 25. Qd2 Qxd2+ 26. Kxd2 g5 27. b4 Ra8 28. Ra1 Ra3 29. Rd3 Ra4 30. b5 Kg7 31. a3 Rb8 32. Rb1 Kf6 33. b6 Ke7 34. b7 Ra7 35. Rdb3 Kd7 36. Kd3 Kc7 37. Ke4 Raxb7 38. g3 fxg3 39. hxg3 Re8+ 40. Kf5 Rxb3 41. cxb3 Re3 42. g4 h6 43. a4 Kb6 44. Kf6 Rg3 45. Kxf7 Rxg4 46. Kg6 Rh4 47. b4 Ka6 48. Rb3 Kb6 49. Kf6 g4 50. Rg3 h5 51. Rd3 g3 52. a5+ Kb5 53. Rxg3 Rxb4 54. Rg5+ Ka6 55. Ke6 Rb5 56. Rg7 Kxa5 57. Rh7 Kb4 58. Kf6 Kc4 59. Kg6 Kd4 60. Rxh5 1/2-1/2

[Event "IND-ch U14 Girls 34th"]
[Site "Ahmedabad"]
[Date "2022.05.09"]
[Round "2"]
[White "Sachi, Jain"]
[Black "Krishika, Garg"]
[Result "1-0"]
[WhiteElo "1768"]
[BlackElo "1318"]
[PlyCount "55"]
[EventDate "2022.05.09"]
[EventType "swiss"]
[EventRounds "11"]
[EventCountry "IND"]
[SourceTitle "EXT 2023"]
[Source "ChessBase"]
[SourceDate "2022.10.05"]
[SourceVersion "1"]
[SourceVersionDate "2022.10.05"]
[SourceQuality "1"]

1. e4 c6 2. d4 d5 3. Nc3 dxe4 4. Nxe4 Bf5 5. Ng3 Bg6 6. Bc4 e6 7. N1e2 Nf6 8. 0-0 Bd6 9. f4 Qc7 10. f5 Bxf5 11. Nxf5 exf5 12. Rxf5 Nbd7 13. Nf4 Nb6 14. Bb3 0-0-0 15. Qf3 Qe7 16. Nd3 Qc7 17. Ne5 Bxe5 18. dxe5 Nfd5 19. Bg5 Rd7 20. e6 fxe6 21. Rf8+ Rxf8 22. Qxf8+ Rd8 23. Bxd8 Qxd8 24. Qxg7 Qd7 25. Qg8+ Qd8 26. Qxe6+ Qd7 27. Qg8+ Qd8 28. Qxh7 1-0